Quizzes
Events
Quiz Creation
Community
Videos
Private Events
Remove Ads
Sign In
Join for FREE
Feedback
Dark Mode
Quiz Categories
Sports
Geography
Music
Movies
Television
Just For Fun
Miscellaneous
History
Literature
Language
Science
Gaming
Entertainment
Religion
Holiday
For Kids
Quiz Lab
Recent
Popular Today
Quiz Kudos Today
Editor Picks
Curator Picks
Quizzes by...
Day
Popularity
Type
Ratings
Length
Year
Community
Subscriptions
Recent Discussions
Orange Saloon
Badges
Playlists
Quests
Create
Leaderboards
Showdown
Live 5
Trivia Bingo
Activity
Puzzle Library
Sporcle Events
Private Events
Virtual Trivia
Globe League
Become a Host
Pub Owners
SporcleCon
Opinionation
Our Games
Videos
Blog
Mobile Apps
Partnerships
Remove Ads and Go Orange
Feedback
Sports
Athletes
MLB
NBA
NHL
NFL
Soccer
Sports Teams
WWE
NCAA
Football
Premier League
Basketball
Baseball
Hockey
Golf
Tennis
Cricket
Rugby
Auto Racing
Olympics
World Cup
Sports
Athletes
MLB
NBA
NHL
NFL
Soccer
Sports Teams
WWE
NCAA
Football
Premier League
Basketball
Baseball
Hockey
Golf
Tennis
Cricket
Rugby
Auto Racing
Olympics
World Cup
Random Quiz
Search Sporcle
×
Quiz Lab
Quiz Lab
Sports
United States
Type in answers that appear in a list
Type in answers that appear in a list
Classic
Best Score? Go Orange.
Can you guess the WCW/WWE United States Champions Stats
Can you name the WCW/WWE United States Champions?
By
coreypayne1208
20m
154 Questions
101 Plays
101 Plays
101 Plays
Comments
Comments
Give Quiz Kudos
Give Quiz Kudos
-
- Ratings
hide this ad
Replay
Link that replays current quiz
Next Quiz
Link to next quiz in quiz playlist
You Got
0%
They Got
Avg Score
54%
Avg Friend Score
Upgrade to see
Score Distribution
Jump to the score distribution portion of the page
Score
0/154
Timer
20:00
0
Plays Today
Reigns
Superstar
% Correct
3
Rey Mysterio
100%
1
Logan Paul
100%
1
Randy Orton
91.7%
1
Jeff Hardy
91.4%
1
Rey Mysterio
90.9%
2
Rey Mysterio
90.3%
2
Bobby Lashley
89.5%
1
John Cena
88.1%
2
John Cena
88.1%
3
John Cena
88.1%
4
John Cena
88.1%
5
John Cena
88.1%
1
Chris Jericho
87.5%
2
Chris Jericho
87.5%
1
Booker T
87.1%
2
Booker T
87.1%
3
Booker T
87.1%
4
Booker T
87.1%
6
Ric Flair
86.1%
3
Rusev
85.3%
1
Roman Reigns
85%
3
Kevin Owens
84.6%
3
AJ Styles
84.4%
1
Chris Benoit
84.2%
2
Chris Benoit
84.2%
3
Chris Benoit
84.2%
4
Chris Benoit
84.2%
5
Chris Benoit
84.2%
1
Eddie Guerrero
83.2%
2
Eddie Guerrero
83.2%
1
Kevin Owens
82.5%
2
Kevin Owens
82.5%
3
Sheamus
82.4%
1
Sting
82.2%
2
Sting
82.2%
1
Bret 'Hitman' Hart
82.2%
2
Bret 'Hitman' Hart
82.2%
3
Bret 'Hitman' Hart
82.2%
4
Bret 'Hitman' Hart
82.2%
5
Bret 'Hitman' Hart
82.2%
2
Dolph Ziggler
80.6%
1
David Flair
80.2%
1
Rusev
80.2%
2
Rusev
80.2%
1
Jinder Mahal
80%
1
AJ Styles
79.5%
2
AJ Styles
79.5%
1
Dustin Rhodes
79.2%
2
Dustin Rhodes
79.2%
1
'Stunning' Steve Austin
79.2%
2
'Stunning' Steve Austin
79.2%
2
R-Truth
78.8%
Reigns
Superstar
% Correct
1
Samoa Joe
78.8%
2
Samoa Joe
78.1%
1
Ricochet
78.1%
1
Shinsuke Nakamura
77.1%
4
Lex Luger
76.2%
5
Lex Luger
76.2%
1
Big Show
76.2%
1
The Miz
76.2%
2
The Miz
76.2%
1
Dean Ambrose
76.2%
1
Seth Rollins
76.2%
2
Shinsuke Nakamura
75.8%
1
Goldberg
75.2%
2
Goldberg
75.2%
1
Edge
75.2%
1
Sheamus
75.2%
2
Sheamus
75.2%
1
Andrade
74.2%
1
Baron Corbin
73.7%
1
Kofi Kingston
73.3%
2
Kofi Kingston
73.3%
3
Kofi Kingston
73.3%
1
Apollo Crews
73.1%
1
Kurt Angle
72.3%
1
Dolph Ziggler
72.3%
1
Bobby Roode
72.2%
3
Bobby Lashley
71.4%
1
Scott Steiner
71.3%
2
Scott Steiner
71.3%
1
Rick Steiner
71.3%
1
Scott Hall
70.3%
2
Scott Hall
70.3%
1
Montel Vontavious Porter
70.3%
1
Matt Hardy
70.3%
2
Montel Vontavious Porter
70.3%
1
Daniel Bryan
69.3%
1
'Ravishing' Rick Rude
68.3%
1
Raven
68.3%
—
Vacated
66.7%
1
Theory
66.7%
2
Seth 'Freakin' Rollins
66.7%
2
Austin Theory
66.7%
1
Antonio Cesaro
66.3%
1
Riddle
64.7%
1
Jeff Jarrett
64.4%
2
Jeff Jarrett
64.4%
3
Jeff Jarrett
64.4%
1
Jack Swagger
64.4%
1
Alberto Del Rio
64.4%
2
Alberto Del Rio
64.4%
1
Damian Priest
64.3%
4
Ricky 'The Dragon' Steamboat
63.4%
Reigns
Superstar
% Correct
1
Dean Malenko
63.4%
1
Diamond Dallas Page
63.4%
2
Diamond Dallas Page
63.4%
1
Kalisto
63.4%
2
Kalisto
63.4%
1
Curt Hennig
61.4%
1
R-Truth
60.4%
1
Finn Balor
60%
1
'Hacksaw' Jim Duggan
59.4%
1
Orlando Jordan
59.4%
1
Bobby Lashley
59.4%
1
Shelton Benjamin
58.4%
1
Konnan
56.4%
1
Kanyon
56.4%
1
Rhyno
56.4%
1
Zack Ryder
56.4%
1
Vader
55.4%
1
John 'Bradshaw' Layfield
55.4%
1
Santino Marella
55.4%
1
Lance Storm
54.5%
2
Lance Storm
54.5%
3
Lance Storm
54.5%
1
Finlay
54.5%
1
Steve 'Mongo' McMichael
53.5%
3
'Rowdy' Roddy Piper
52.5%
1
Mr. Kennedy
52.5%
1
Shane Douglas
50.5%
1
Sid Vicious
49.5%
1
One Man Gang
48.5%
1
Carlito Caribbean Cool
47.5%
2
Terry Funk
45.5%
1
Tajiri
45.5%
1
Gen. Rection
42.6%
2
Gen. Rection
42.6%
1
Kensuke Sasaki
37.6%
—
Vacated
33.7%
—
Vacated
33.7%
—
Vacated
33.7%
—
Vacated
33.7%
—
Vacated
33.7%
—
Vacated
33.7%
—
Vacated
33.7%
—
Vacated
33.7%
—
Vacated
33.7%
—
Vacated
33.7%
—
Vacated
33.7%
—
Vacated
33.7%
—
Vacated
33.7%
—
Vacated
33.7%
—
Unified
30.7%
Quiz Playlist
Details
Report
Send in Message
Add To Playlist
Classic:
Type in answers that appear in a list
Last Updated: Aug 11, 2023
Quiz Scoreboard
CHALLENGE
Sign Up to Join the Scoreboard
Show All
Scores
Hide
Comments
May contain spoilers
Recently Published
College Basketball Coaching Resumes
by pancakes188
Sports
9m
Billboard Blitz: Fleetwood Mac
by CooCooCachoo
Music
15s
Presidents Visiting Landmarks
by Hejman
History
7m
More to Explore
Quiz From the Vault
Featured Blog Post
Where Did the Easter Bunny Come From?
hide this ad
You Might Also Like...
Tags
United States Quiz
WWE Quiz
Heavyweight Championship
WCW
Today's Top Quizzes in Sports
Browse Sports
hide this ad
Today's Top Quizzes in United States
Browse United States
Top Contributed Quizzes in Sports
1
2022 World Cup Stars
2
Les meilleurs buteurs des matchs entre le PSG et l’OM
3
FIFA Club World Cup Champions
4
Les entraîneurs de l'OM et du PSG au 21e siècle
5
Criteria MLB: Left Handed Sluggers
6
AFC Teams Reveal (Wrong Answers Minefield)
7
5-to-1: UK Sports Teams
8
5-to-1: FBS Animal Nicknames
9
2023 MLB Unique Player Accomplishments
10
Name the Premier League winners with different clubs
Explore More
Trending Topics
Harry Potter
Crossword
Disney
Anime
NBA
Marvel
Kpop
WWE
The Office
Pokémon
Song
Puzzle
NFL
Soccer
Country
hide this ad
More By:
coreypayne1208
Quiz
Plays
Rating
Category
Featured
Created
Power Rangers Morphing call
1,014
2.67
Television
Aug 12, 2016
Shows that aired on Noggin/Nick Jr.
667
2.33
Television
Jan 27, 2017
Nick Jr. shows that aired on Noggin/Nick Jr. Channel
533
3.25
Television
Aug 6, 2017
Power Rangers on ABC,ABC Family, and Toon Disney/Jetix
485
3.00
Television
Aug 12, 2016
Sesame Street Funding Credits
400
Television
Aug 14, 2022
Go to Creator's Profile
Score Distribution
Quiz Creator Spotlight
coreypayne1208
Follow
Send a Message
Quizzes Created
-
Created Quiz Play Count
-
More By This Creator
Popular Quizzes Today
1
Find the US States - No Outlines Minefield
2
Find the Countries of Europe - No Outlines Minefield
3
The Countries of the World
4
Find the US States
5
Risky Map Clicking: Biggest States A-Z
6
US States
7
Popular People in 1961
8
Movies - When Are They Set?
More Sports Quizzes
Wolverhampton Wanderers' FA Cup Opponents
Quiz Lab
Trending Quizzes
Risky Map Clicking: Least Populous States A-Z
1-10 Letter G Words
1-10 Letter F Words
Risky Map Clicking: Next State Alphabetically
Risky Map Clicking: Biggest States A-Z
Recently Updated
Leaping Animals
pecheneg
Reality TV Shows (A-Z)
bhenderson79
Rickey Henderson's Hall of Fame Teammates
pecheneg
Champions League XIs: Arsenal
pecheneg
Quick Pick: Celebrities in WWE's Hall of Fame
aduchscher
A-Z Keypad Blitz II
pecheneg
Multiple Oscar Actors
pecheneg
Mystery Phrase Blitz: Oscar 'Best Actors'
pecheneg
F. Scott Fitzgerald Novels
LTH
Pick 3 Villains
ddd62291
Trending Topics
Crossword
NBA
Disney
Harry Potter
Marvel
Anime
Kpop
Country
Song
NFL
WWE
Soccer
Pokémon
The Office
Puzzle
Your Account Isn't Verified!
In order to create a playlist on Sporcle, you need to verify the email address you used during registration. Go to your
Sporcle Settings
to finish the process.
Report this User
Report this user for behavior that violates our
Community Guidelines
.
Details:
Send Report
Go to the Sporcle.com Mobile Site →
Comments